000 00565nam a22001817a 4500
999 _c186872
_d186872
005 20220322105915.0
010 _aENG-132059
020 _a9789381522530
_c300.00
035 _aEN-115591
037 _bDBAD
082 _a940.5318092
100 _aFrank, Anne
245 _aThe Diary of a Young Girl/
_cFrank, Anne
260 _aNew Delhi
_bKalra Publications (P) LTD.
_c2011
270 _a2619-20/3, New Market Nai Sarak,
_bNew Delhi
_e110006
_mkpplbooks@hotmail.com
300 _axxiii, 392p
_c22cm(pbk)
942 _2ddc
_cEN
_h940.5318092
_mFRA